000 00632nam a2200217 a 4500
005 20140310183337.0
008 061024s19uu xx 00 eng d
020 _a0-25613619-x
050 _aHD 30.28
_b.B899 1996
100 _aByars, Lloyd L.
245 _aStrategic management/.
_cLloyd L. Byars, Leslie W. Rue, Shaker A. Zahra
260 _aChicago :
_bIrwin,
_c1996.
300 _a1043 p. :
_bcol. ill. ;
_c24 cm.
521 _aBSBA
546 _aC7772
650 _aStrategic planning.
650 _aStrategic planning
_xCase studies.
700 _aRue, Leslie W.
700 _aZahra, Shaker A.
942 _cBK
_2lcc
_kFOR
999 _c21712
_d21712